000 00397 a2200157 4500
001 164491
020 _a
040 _cMagnum
100 _aMota, Carlos Guilherme
240 1 0 _aHistoria e civilizacao: o mundo moderno e contemporaneo
_lpor
245 1 0 _aHistoria e civilizacao: o mundo moderno e contemporaneo
362 0 _a1899
440 1 _aÁtica
697 _aPARADIDATICO
942 _cBK
999 _c164491
_d164491